| 000 | 00966nam a22002655a 4500 | ||
|---|---|---|---|
| 003 | OSt | ||
| 005 | 20161219142420.0 | ||
| 008 | 161219s2006 ua frb 000 0 ara d | ||
| 015 | _a2003/5247 | ||
| 020 | _a4770441082 | ||
| 040 |
_aEG-ScBUE _bara _cEG-ScBUE |
||
| 043 | _af-ua--- | ||
| 082 | 0 | 4 |
_a347.620504 _bر و ب _222 |
| 100 | 1 | _aروبي، أسامة روبي عبد العزيز. | |
| 245 | 1 | 0 |
_aتحرير صحف الدعاوي بين النظرية والتطبيق / _cأسامة روبي عبد العزيز الروبي. |
| 250 | _aط. 3، منقحة ومزيدة. | ||
| 260 |
_aالقاهرة : _bدار النهضة العربية، _c2006. |
||
| 300 |
_a172 ص. ؛ _c24 سم. |
||
| 504 | _aيشتمل على إرجاعات ببليوجرافية. | ||
| 650 | 7 |
_aالدعاوى والبينات _zمصر. _2BUEsh |
|
| 650 | 7 |
_aالدعوى الجنائية _zمصر. _2BUEsh |
|
| 651 | _2BUEsh | ||
| 653 |
_bLLAAWW _cDecember2016 |
||
| 942 | _2ddc | ||
| 999 |
_c23634 _d23606 |
||